Normal view
MARC view
Entry Personal Name
001 - CONTROL NUMBER
- control field: 8196
003 - CONTROL NUMBER IDENTIFIER
- control field: PK-LaUMT
005 - DATE AND TIME OF LATEST TRANSACTION
- control field: 20251128104735.0
008 - FIXED-LENGTH DATA ELEMENTS
- fixed length control field: 251128|| aca||aabn | a|a d
040 ## - CATALOGING SOURCE
- Original cataloging agency: PK-LaUMT
- Transcribing agency: PK-LaUMT
100 ## - HEADING--PERSONAL NAME
- Personal name: Kshetri, Nir
670 ## - SOURCE DATA FOUND
- Source citation: Work cat.: (PK-LaUMT)139280: Kshetri, Nir, Global entrepreneurship :, 2026
